Learning Resource and Development

Basic historical and bibliographical methods for librarians / (Record no. 27169)

MARC details
000 -LEADER
fixed length control field 01272nam a2200265 i 4500
003 - CONTROL NUMBER IDENTIFIER
control field CSPC
005 - DATE AND TIME OF LATEST TRANSACTION
control field 20240313094842.0
008 - FIXED-LENGTH DATA ELEMENTS--GENERAL INFORMATION
fixed length control field 240307s2021 onca b 001 0 eng d
020 ## - INTERNATIONAL STANDARD BOOK NUMBER
International Standard Book Number 9781774077191
040 ## - CATALOGING SOURCE
Transcribing agency CSPC
Original cataloging agency CSPC
Language of cataloging eng
Description conventions rda
050 #4 - LIBRARY OF CONGRESS CALL NUMBER
Classification number Z669.7 .P68
082 04 - DEWEY DECIMAL CLASSIFICATION NUMBER
Classification number 020.72
Item number Sh86b
100 1# - MAIN ENTRY--PERSONAL NAME
Personal name Shrivastava, Anurag,
Relator term author.
245 10 - TITLE STATEMENT
Title Basic historical and bibliographical methods for librarians /
Statement of responsibility, etc. Anurag Shrivastava.
264 #1 - PRODUCTION, PUBLICATION, DISTRIBUTION, MANUFACTURE, AND COPYRIGHT NOTICE
Place of production, publication, distribution, manufacture Burlington, Ontario :
Name of producer, publisher, distributor, manufacturer Society Publishing,
Date of production, publication, distribution, manufacture, or copyright notice 2021.
300 ## - PHYSICAL DESCRIPTION
Extent xi, 236 pages :
Other physical details color illustrations ;
Dimensions 24 cm.
336 ## - CONTENT TYPE
Source rdacontent
Content type term text
337 ## - MEDIA TYPE
Source rdamedia
Media type term unmediated
338 ## - CARRIER TYPE
Source rdacarrier
Carrier type term volume
504 ## - BIBLIOGRAPHY, ETC. NOTE
Bibliography, etc. note Includes bibliographical references and index.
505 0# - FORMATTED CONTENTS NOTE
Formatted contents note Historical research in library and information science -- Reference and information sources -- Bibliographies -- Virtual reference: a selected annotated bibliography -- Indexing and abstracting periodical -- Current awareness and SDI services for librarians -- ICT and its impact on library and LIS professionals.
650 #0 - SUBJECT ADDED ENTRY--TOPICAL TERM
Topical term or geographic name entry element Library science
General subdivision Research
-- Methodology.
942 ## - ADDED ENTRY ELEMENTS (KOHA)
Source of classification or shelving scheme Dewey Decimal Classification
Koha item type Books
Classification part 020.72
Call number prefix CIR
Call number suffix 2021
Suppress in OPAC No
Holdings
Withdrawn status Lost status Source of classification or shelving scheme Damaged status Not for loan Home library Current library Shelving location Date acquired Total Checkouts Full call number Barcode Date last seen Copy number Price effective from Koha item type
    Dewey Decimal Classification     Main Library Main Library Circulation Section 03/07/2024   CIR 020.72 Sh86b 2021 027234 03/07/2024 1-1 03/07/2024 Books